000 00443nam a2200169Ia 4500
005 20250923144740.0
008 008 250917s9999 xx 000 0 eng d
037 _aTextual
040 _aDSWL
_beng
_cDSWL
041 _aeng
_2eng
084 _qDSWL
245 0 _aVillage Meeting places and community (Social Education)
260 _aIndia
_bofIndia ministry of
_c1960
300 _a60p.
942 _cTEXL
999 _c1442862
_d1442862